The Rainbow/ (Record no. 167428)

MARC details
000 -LEADER
fixed length control field 00538nam a22001937a 4500
005 - DATE AND TIME OF LATEST TRANSACTION
control field 20190902152607.0
010 ## - LCCN (DPL NO)
LC control number ENG-126393
020 ## - INTERNATIONAL STANDARD BOOK NUMBER
Terms of availability 225.00
International Standard Book Number 978-93-50331-21-7
035 ## - SYSTEM CONTROL NUMBER
System control number EN-109925
037 ## - SOURCE OF ACQUISITION
Source of stock number/acquisition DBAD/PUB
082 ## - DEWEY DECIMAL CLASSIFICATION NUMBER
Classification number N
100 ## - MAIN ENTRY--PERSONAL NAME
Personal name Lawrence,D.H.
245 ## - TITLE STATEMENT
Title The Rainbow/
Statement of responsibility, etc by D.H. Lawrence
260 ## - PUBLICATION, DISTRIBUTION, ETC. (IMPRINT)
Name of publisher, distributor, etc Maple Classics
Date of publication, distribution, etc 2018
Place of publication, distribution, etc U.P.
270 ## - ADDRESS
Address A-63, Sector 58
City Noida
Postal code 201301
Telephone number +91 120 4553581, 4553583
Electronic mail address info@maplepress.co.in
300 ## - PHYSICAL DESCRIPTION
Extent 512p.
Dimensions 22cm(pbk)
650 ## - SUBJECT ADDED ENTRY--TOPICAL TERM
Topical term or geographic name as entry element ENGLISH NOVEL
942 ## - ADDED ENTRY ELEMENTS (KOHA)
Source of classification or shelving scheme Dewey Decimal Classification
Item type English Books
Classification part N
Call number suffix LAW
Holdings
Withdrawn status Lost status Not for loan Collection code Home library Current library Date acquired Source of acquisition Cost, normal purchase price Full call number Barcode Copy number Cost, replacement price Koha item type
      Fiction Ashok Vihar Ashok Vihar 02/09/2019 DBAD/PUB 225.00 N LAW EN-109925 1 225.00 English Books

© Delhi Public Library
Hit Counter
free hit counter